Представление документа в формате RUSMARC

ПолеНазваниеЗначение
  Тип записи a
  Библиографический уровень a
001 Контрольный номер RU/CBS_UL/BASE/d067c786acbe4868a43222c099e3c4d5
005 Дата корректировки 20260317105433.4
100 Данные общей обработки __
a Данные общей обработки 20260317 ||| 0rusy0189 ca
101 Язык документа 0_
a Язык текста rus
102 Страна публикации __
a Страна публикации RU
200 Заглавие и сведения об ответственности 1_
a Заглавие НИИАРу - 70!
e Сведения, относящиеся к заглавию [атомщики Димитровграда отметили юбилей]
f Первые сведения об ответственности А. Маклаев
300 Общие примечания __
a Общие примечания 16+
461 Уровень набора _0
1 2000
a Ульяновская правда
463 Уровень физической единицы _0
1 2000
a № 19 (17 март.)
v С. 1
1 2101
d 2026
1 001RU/CBS_UL/BASE/91f4d043217149b9b0c1867b94b9a8f0
606 Тематические рубрики 0_
a Основная рубрика Научно-исследовательский институт атомных реакторов - Димитровград, город
610 Ключевые слова 0_
a Ключевые слова Научно-исследовательский институт атомных реакторов; научно-исследовательские институты; исследовательские институты; институты; атомные реакторы; юбилеи предприятий; атомная энергетика; комплексы атомные
686 Индексы других классификаций __
a Классификационный индекс 31.46
700 Автор _1
a Фамилия Маклаев
b Имя (инициалы) А.
801 Источник записи _0
a Страна RU
b Организация МБУК ЦБС г. Ульяновска
c Дата составления 20260317
g Правила каталогизации RCR
801 Источник записи _1
a Страна RU
b Организация МБУК ЦБС г. Ульяновска
c Дата составления 20260317
g Правила каталогизации RCR
901 Тип документа __
t Тип документа f
w Контрольный № источника RU/CBS_UL/BASE/91f4d043217149b9b0c1867b94b9a8f0
909 Создатель записи __
a Создатель записи mbo